000 00511nam a22001817a 4500
003 OSt
005 20151105110328.0
008 140429b xxu||||| |||| 00| 0 eng d
020 _a9781921696039
050 _aPZ 8
_b.Sp756mm 2010
100 _aSpillman, Ken
245 _aJake's monster mess /
_cby Ken Spillman ; illustrated by Chris Nixon
250 _a1st. ed.
260 _aAustralia :
_bFremantle Press,
_c2010.
300 _a1 v. (unpaged) :
_bill. ;
_c20 cm.
942 _2lcc
_cBK
999 _c115555
_d115555